Drapeaux en 30 secondes #7 - Statistiques

Statistiques générales
  • Ce quiz a été pris 162 fois
  • Le résultat moyen est 8 sur 15
Statistiques - réponses
Hint Réponse % Correct
Cap-vert 🇨🇻
68%
Nigeria 🇳🇬
67%
Éthiopie 🇪🇹
64%
Burundi 🇧🇮
62%
Libye 🇱🇾
59%
Seychelles 🇸🇨
58%
Guinée 🇬🇳
57%
Liberia 🇱🇷
56%
Soudan 🇸🇩
56%
Zimbabwe 🇿🇼
56%
Sao tomé-et-principe 🇸🇹
49%
Érythrée 🇪🇷
47%
Guinée-bissau 🇬🇼
47%
Soudan du sud 🇸🇸
43%
Eswatini 🇸🇿
32%
Aucun quiz correspondant
Distribution des résultats
% des personnes avec chaque résultat
Percentile par nombre de réponses
Votre historique - résultats
Vous n’avez pas pris ce quiz